[Event "HUN-chT2 Barcza 1415"]
[Site "Hungary"]
[Date "2015.02.08"]
[Round "?"]
[White "Barnoth, Robert"]
[Black "Kiss, Gergely"]
[Result "0-1"]
[WhiteElo "1863"]
[BlackElo "1945"]
[PlyCount "62"]
[EventDate "2014.09.07"]
[EventType "team-tourn"]
[EventRounds "11"]
[EventCountry "HUN"]
[SourceTitle "EXT 2016"]
[Source "ChessBase"]
[SourceDate "2015.10.08"]
[SourceVersion "1"]
[SourceVersionDate "2015.10.08"]
[SourceQuality "1"]
[WhiteTeam "Piremon"]
[BlackTeam "Debrecen Sakkbaratok"]
[WhiteTeamCountry "HUN"]
[BlackTeamCountry "HUN"]

1. e4 c5 2. Nc3 e6 3. Nge2 Nc6 4. g3 Nf6 5. Bg2 d5 6. exd5 exd5 7. d4 cxd4 8. Nxd4 Bg4 9. f3 Bd7 10. Bg5 Be7 11. Qd2 0-0 12. 0-0-0 Rc8 13. f4 Bg4 14. Bf3 Bxf3 15. Nxf3 Qa5 16. Kb1 Nb4 17. a3 Rxc3 18. Qxc3 Ne4 19. Qb3 Nc6 20. Rxd5 Qc7 21. Rhd1 Bc5 22. Rd7 Qa5 23. Qxb7 Bxa3 24. Qb3 Bb4 25. Qd5 Qb6 26. Kc1 Nc3 27. bxc3 Bxc3 28. Qb3 Qa5 29. Rb7 Qa1+ 30. Qb1 Qa3+ 31. Rb2 Rb8 0-1

[Event "HUN-chT2 Barcza 1314"]
[Site "Hungary"]
[Date "2014.02.16"]
[Round "7"]
[White "Barnoth, Robert"]
[Black "Varga, Laszlo4"]
[Result "0-1"]
[WhiteElo "1811"]
[BlackElo "1796"]
[PlyCount "56"]
[EventDate "2013.09.08"]
[EventType "team-tourn"]
[EventRounds "11"]
[EventCountry "HUN"]
[SourceTitle "EXT 2016"]
[Source "ChessBase"]
[SourceDate "2015.10.08"]
[SourceVersion "1"]
[SourceVersionDate "2015.10.08"]
[SourceQuality "1"]
[WhiteTeam "Nyiregyhaza"]
[BlackTeam "Sajobabony"]
[WhiteTeamCountry "HUN"]
[BlackTeamCountry "HUN"]

1. e4 c5 2. Nc3 d6 3. g3 Nf6 4. d3 Nc6 5. Be3 Qb6 6. Qd2 e6 7. Rb1 Ng4 8. Nf3 Nxe3 9. fxe3 Be7 10. Bg2 Bd7 11. d4 cxd4 12. exd4 Rc8 13. Ne2 0-0 14. 0-0 Ne5 15. Nxe5 dxe5 16. Kh1 exd4 17. c3 Bb5 18. cxd4 Bxe2 19. Qxe2 Qxd4 20. Rbd1 Qa4 21. b3 Qa3 22. Rd7 b6 23. Rfd1 Rc1 24. h3 Rfc8 25. Kh2 Rxd1 26. Qxd1 Rc1 27. Qd2 Qc5 28. Rxe7 Qg1# 0-1

[Event "HUN-chT2 Barcza 1314"]
[Site "Hungary"]
[Date "2013.11.17"]
[Round "5"]
[White "Barnoth, Robert"]
[Black "Bodis, Laszlo"]
[Result "0-1"]
[WhiteElo "1811"]
[BlackElo "1814"]
[PlyCount "44"]
[EventDate "2013.09.08"]
[EventType "team-tourn"]
[EventRounds "11"]
[EventCountry "HUN"]
[SourceTitle "EXT 2016"]
[Source "ChessBase"]
[SourceDate "2015.10.08"]
[SourceVersion "1"]
[SourceVersionDate "2015.10.08"]
[SourceQuality "1"]
[WhiteTeam "Nyiregyhaza"]
[BlackTeam "Hajduszoboszlo"]
[WhiteTeamCountry "HUN"]
[BlackTeamCountry "HUN"]

1. e4 c5 2. Nc3 Nc6 3. g3 Nf6 4. d3 e5 5. Be3 Be7 6. Qd2 d5 7. exd5 Nxd5 8. Bg2 Be6 9. Nf3 Qd7 10. Ng5 Bxg5 11. Bxg5 0-0 12. Ne4 b6 13. 0-0-0 f6 14. Be3 Rad8 15. f4 Nxe3 16. Qxe3 exf4 17. Qxf4 Nd4 18. Rde1 Qa4 19. Qf2 Qxa2 20. Nc3 Qa1+ 21. Kd2 Qxb2 22. Rxe6 Qxc2+ 0-1

[Event "HUN-chT2 Barcza 1213"]
[Site "Hungary"]
[Date "2012.09.16"]
[Round "1.11"]
[White "Barnoth, Robert"]
[Black "Huszar, Reka"]
[Result "1-0"]
[WhiteElo "1696"]
[BlackElo "1882"]
[PlyCount "73"]
[EventDate "2012.09.16"]
[EventType "team-tourn"]
[EventRounds "11"]
[EventCountry "HUN"]
[SourceTitle "EXT 2014"]
[Source "ChessBase"]
[SourceDate "2013.11.20"]
[SourceVersion "1"]
[SourceVersionDate "2013.11.20"]
[SourceQuality "1"]
[WhiteTeam "Piremon"]
[BlackTeam "Kazincbarcika"]
[WhiteTeamCountry "HUN"]
[BlackTeamCountry "HUN"]

1. e4 b6 2. Nc3 Bb7 3. Nf3 e6 4. d3 Bc5 5. Bg5 Ne7 6. Be2 f6 7. Be3 Na6 8. Qd2 Ng6 9. a3 0-0 10. 0-0 Be7 11. d4 f5 12. exf5 exf5 13. Bg5 Nh4 14. Bxh4 Bxh4 15. Rad1 Qf6 16. Bc4+ Kh8 17. Bd5 Bxd5 18. Nxd5 Qd8 19. Qd3 c6 20. Qxa6 cxd5 21. Qb5 Rc8 22. c3 Rc6 23. Qxd5 Be7 24. Ne5 Rh6 25. Nf7+ Rxf7 26. Qxf7 Bd6 27. g3 Rf6 28. Qd5 h5 29. Qf3 Qe8 30. Rde1 Qf7 31. Qe2 Re6 32. Qc4 h4 33. Rxe6 dxe6 34. Re1 Bxg3 35. fxg3 hxg3 36. hxg3 Qg6 37. Qd3 1-0

[Event "HUN-chT2 Barcza 1112 "]
[Site "Hungary"]
[Date "2012.03.11"]
[Round "7"]
[White "Barnoth, Robert"]
[Black "Ordog, Gabor"]
[Result "1/2-1/2"]
[WhiteElo "1660"]
[BlackElo "1443"]
[PlyCount "77"]
[EventDate "2011.09.25"]
[EventType "team-tourn"]
[EventRounds "11"]
[EventCountry "HUN"]
[SourceTitle "EXT 2013"]
[Source "ChessBase"]
[SourceDate "2012.11.22"]
[SourceVersion "1"]
[SourceVersionDate "2012.11.22"]
[SourceQuality "1"]
[WhiteTeam "Piremon"]
[BlackTeam "Mezokovesd"]
[WhiteTeamCountry "HUN"]
[BlackTeamCountry "HUN"]

1. Nf3 c5 2. c4 Nc6 3. Nc3 g6 4. d3 Bg7 5. Bd2 Nf6 6. g3 0-0 7. Bg2 d6 8. 0-0 Be6 9. Qc1 Qd7 10. Ng5 Nd4 11. Re1 Rab8 12. Rb1 Nc6 13. a3 a5 14. Nb5 b6 15. Nxe6 fxe6 16. Rf1 Ng4 17. Bc3 Bh6 18. Bd2 Bg7 19. h3 Nf6 20. Bh6 d5 21. Bf4 e5 22. Bg5 e6 23. Nc3 Ne7 24. e4 d4 25. Nb5 Nc6 26. Bd2 Na7 27. Nxa7 Qxa7 28. a4 Qf7 29. f4 Nd7 30. fxe5 Qe7 31. Bf4 Nxe5 32. Qd2 Rbe8 33. Rbe1 Bf6 34. Qe2 Qg7 35. Qd2 Qe7 36. Qe2 Qg7 37. Qc2 g5 38. Bd2 h5 39. Rd1 1/2-1/2

[Event "HUN-chT2 Barcza 1011"]
[Site "Hungary"]
[Date "2010.10.24"]
[Round "4.11"]
[White "Csatlos, Bela Sr"]
[Black "Barnoth, Robert"]
[Result "1-0"]
[WhiteElo "1744"]
[BlackElo "1646"]
[PlyCount "63"]
[EventDate "2010.09.12"]
[EventType "team-tourn"]
[EventRounds "11"]
[EventCountry "HUN"]
[SourceTitle "EXT 2012"]
[Source "ChessBase"]
[SourceDate "2011.11.24"]
[SourceVersion "1"]
[SourceVersionDate "2011.11.24"]
[SourceQuality "1"]
[WhiteTeam "Kazincbarcika"]
[BlackTeam "Tiszavasvar"]
[WhiteTeamCountry "HUN"]
[BlackTeamCountry "HUN"]

1. e4 c5 2. Nf3 d6 3. d4 cxd4 4. Nxd4 Nf6 5. Nc3 a6 6. Bd3 e6 7. 0-0 Be7 8. Re1 0-0 9. Nf3 Nc6 10. a3 Qc7 11. Bf4 Nh5 12. Be3 Nf6 13. Na4 Nd7 14. Qd2 b5 15. Nc3 Nde5 16. Qe2 Bf6 17. Nxe5 Nxe5 18. Rac1 Nc6 19. Bd2 Bb7 20. Qh5 g6 21. Qh3 Bg7 22. Bh6 Rfd8 23. Bxg7 Kxg7 24. Ne2 d5 25. exd5 Rxd5 26. Be4 Rd7 27. Qc3+ Qe5 28. Qf3 Nd4 29. Nxd4 Bxe4 30. Rxe4 Qc5 31. Qc3 Qd5 32. Nxe6+ 1-0

[Event "HUN-chT2 Barcza 0910"]
[Site "Hungary"]
[Date "2010.02.28"]
[Round "7.12"]
[White "Barnoth, Robert"]
[Black "Ordog, Gabor"]
[Result "0-1"]
[WhiteElo "1669"]
[BlackElo "1743"]
[PlyCount "58"]
[EventDate "2009.11.08"]
[EventType "team-tourn"]
[EventRounds "11"]
[EventCountry "HUN"]
[SourceTitle "EXT 2011"]
[Source "ChessBase"]
[SourceDate "2010.11.26"]
[SourceVersion "1"]
[SourceVersionDate "2010.11.26"]
[SourceQuality "1"]
[WhiteTeam "Tiszavasvar"]
[BlackTeam "Mezokovesd"]
[WhiteTeamCountry "HUN"]
[BlackTeamCountry "HUN"]

1. e4 c5 2. Nf3 Nc6 3. d4 cxd4 4. Nxd4 g6 5. Bc4 Bg7 6. c3 Nf6 7. f3 0-0 8. Be3 e6 9. Bg5 d5 10. Nxc6 bxc6 11. exd5 exd5 12. Be2 h6 13. Be3 Qe7 14. Qd2 Re8 15. Kf2 g5 16. Na3 g4 17. Rhg1 Bf5 18. Rac1 Rab8 19. b4 gxf3 20. Bxf3 Be4 21. Bxh6 Ng4+ 22. Bxg4 Qf6+ 23. Bf4 Qh4+ 24. Bg3 Qxg4 25. Bxb8 Qf5+ 26. Bf4 Bh6 27. g3 Qg4 28. Qe3 Qh3 29. Rh1 Qg2+ 0-1

[Event "HUN-chT2 Barcza 0809"]
[Site "Hungary"]
[Date "2009.04.19"]
[Round "11.11"]
[White "Kiss, Robert"]
[Black "Barnoth, Robert"]
[Result "0-1"]
[WhiteElo "2112"]
[BlackElo "1677"]
[PlyCount "60"]
[EventDate "2008.10.26"]
[EventType "tourn"]
[EventRounds "11"]
[EventCountry "HUN"]
[SourceTitle "EXT 2010"]
[Source "ChessBase"]
[SourceDate "2010.11.25"]
[SourceVersion "1"]
[SourceVersionDate "2010.11.25"]
[SourceQuality "1"]
[WhiteTeam "Mezokovesd"]
[BlackTeam "Tiszavasvar"]
[WhiteTeamCountry "HUN"]
[BlackTeamCountry "HUN"]

1. d4 e6 2. Nf3 c5 3. e3 a6 4. b3 Nc6 5. Bb2 Nf6 6. Bd3 d5 7. Nbd2 b5 8. 0-0 Qc7 9. Re1 c4 10. Be2 Bd6 11. g3 Ne7 12. Nb1 Rb8 13. c3 Ng6 14. Qc2 h5 15. bxc4 bxc4 16. Qa4+ Bd7 17. Qc2 h4 18. Kg2 hxg3 19. hxg3 Ne4 20. Ne5 Nxe5 21. dxe5 Bxe5 22. f4 Bd6 23. Ba3 Bxa3 24. Nxa3 Qc8 25. Rh1 Rxh1 26. Rxh1 Ke7 27. Nxc4 dxc4 28. Qxe4 Bc6 29. Qxc6 Qxc6+ 30. Bf3 Rb2+ 0-1

[Event "HUN-chT2 Barcza 0809"]
[Site "Hungary"]
[Date "2009.03.08"]
[Round "9.12"]
[White "Hercsik, Timea Gabriella"]
[Black "Barnoth, Robert"]
[Result "1/2-1/2"]
[WhiteElo "1687"]
[BlackElo "1677"]
[PlyCount "47"]
[EventDate "2008.10.26"]
[EventType "tourn"]
[EventRounds "11"]
[EventCountry "HUN"]
[SourceTitle "EXT 2010"]
[Source "ChessBase"]
[SourceDate "2010.11.25"]
[SourceVersion "1"]
[SourceVersionDate "2010.11.25"]
[SourceQuality "1"]
[WhiteTeam "Kazincbarcika II"]
[BlackTeam "Tiszavasvar"]
[WhiteTeamCountry "HUN"]
[BlackTeamCountry "HUN"]

1. e4 c5 2. Nf3 d6 3. d4 cxd4 4. Nxd4 Nf6 5. Nc3 a6 6. Bd3 Nc6 7. Be3 e5 8. Nf3 Bg4 9. h3 Bh5 10. Be2 Bg6 11. Bg5 Be7 12. Bxf6 Bxf6 13. 0-0 0-0 14. Qd2 Be7 15. Qe3 Nb4 16. Bd3 Rc8 17. Qd2 Nxd3 18. Qxd3 f6 19. Nd5 Bf7 20. c4 Kh8 21. b3 Bxd5 22. cxd5 Qd7 23. Rac1 Rxc1 24. Rxc1 1/2-1/2

[Event "HUN-chT2 Barcza 0809"]
[Site "Hungary"]
[Date "2008.12.21"]
[Round "4.12"]
[White "Barnoth, Robert"]
[Black "Sandor, Akos"]
[Result "1-0"]
[WhiteElo "1677"]
[BlackElo "1669"]
[PlyCount "51"]
[EventDate "2008.10.26"]
[EventType "tourn"]
[EventRounds "11"]
[EventCountry "HUN"]
[SourceTitle "EXT 2010"]
[Source "ChessBase"]
[SourceDate "2010.11.25"]
[SourceVersion "1"]
[SourceVersionDate "2010.11.25"]
[SourceQuality "1"]
[WhiteTeam "Tiszavasvar"]
[BlackTeam "Edeleny"]
[WhiteTeamCountry "HUN"]
[BlackTeamCountry "HUN"]

1. e4 d5 2. exd5 Qxd5 3. c4 Qd8 4. d4 Bf5 5. Nc3 Nf6 6. Be3 e6 7. h3 Nbd7 8. a3 a5 9. Bd3 Bg6 10. Bxg6 hxg6 11. Nf3 c6 12. c5 Nd5 13. Nxd5 exd5 14. 0-0 Be7 15. Qd2 0-0 16. b4 b5 17. Rfe1 a4 18. Re2 Re8 19. Rae1 Bf6 20. Bg5 Rxe2 21. Rxe2 Ra7 22. Qe1 Qc7 23. h4 Kh7 24. Bxf6 gxf6 25. Re7 Kg7 26. Qe6 1-0

[Event "HUN-chT2 Barcza 0809"]
[Site "Hungary"]
[Date "2008.11.02"]
[Round "2.11"]
[White "Demeter, Vilmos"]
[Black "Barnoth, Robert"]
[Result "1-0"]
[WhiteElo "1834"]
[BlackElo "1677"]
[PlyCount "65"]
[EventDate "2008.10.26"]
[EventType "tourn"]
[EventRounds "11"]
[EventCountry "HUN"]
[SourceTitle "EXT 2010"]
[Source "ChessBase"]
[SourceDate "2010.11.25"]
[SourceVersion "1"]
[SourceVersionDate "2010.11.25"]
[SourceQuality "1"]
[WhiteTeam "TEVA SE"]
[BlackTeam "Tiszavasvar"]
[WhiteTeamCountry "HUN"]
[BlackTeamCountry "HUN"]

1. e4 c5 2. b4 e6 3. bxc5 Bxc5 4. d4 Be7 5. Qg4 g6 6. e5 d6 7. f4 Nh6 8. Qd1 Nf5 9. Nf3 Nc6 10. c3 a6 11. Bd3 Ng7 12. 0-0 b5 13. Be3 d5 14. Nbd2 Rb8 15. a3 Bb7 16. g4 h6 17. Qc2 Kd7 18. f5 gxf5 19. gxf5 Qg8 20. Kh1 Ne8 21. Rg1 Qf8 22. a4 Nc7 23. Rab1 b4 24. f6 Bd8 25. Nb3 a5 26. Nc5+ Kc8 27. Bd2 bxc3 28. Bxc3 Rg8 29. Rgc1 h5 30. Bd2 Rg4 31. Nxb7 Nxd4 32. Nxd4 Rxb7 33. Ba6 1-0